LIBRARY & INFORMATION CENTRE, KCAET, TAVANUR

ONLINE PUBLIC ACCESS CATALOGUE (OPAC)

Introductory irrigation engineering / (Record no. 9423)

MARC details
000 -LEADER
fixed length control field 00531cam a2200217ua 4500
041 ## - LANGUAGE CODE
Language code of text/sound track or separate title eng
082 ## - DEWEY DECIMAL CLASSIFICATION NUMBER
Classification number 627.52
Item number PUN/IN
100 ## - MAIN ENTRY--AUTHOR NAME
Personal name Pumia, B C .
245 ## - TITLE STATEMENT
Title Introductory irrigation engineering /
250 ## - EDITION STATEMENT
Edition statement 3 /
260 ## - PUBLICATION, DISTRIBUTION, ETC. (IMPRINT)
Place of publication New Delhi :
Name of publisher Standard publishers Distributors ,
Year of publication 1985.
300 ## - PHYSICAL DESCRIPTION
Number of Pages 616 ; .
500 ## - GENERAL NOTE
General note *CSS
942 ## - ADDED ENTRY ELEMENTS (KOHA)
Koha item type Books
Holdings
Withdrawn status Lost status Damaged status Home library Current library Shelving location Date acquired Full call number Accession Number Koha item type
      KAUAET KAUAET Scheme 13/09/2018 627.52 PUN/IN 19129 Books
      KAUAET KAUAET Scheme 14/09/2018 627.52 PUN/IN 19127 Book Bank scheme for SC students
      KAUAET KAUAET Scheme 14/09/2018 627.52 PUN/IN 19128 Book Bank scheme for SC students
free website counter